000 00636nam a2200229Ia 4500
003 OSt
005 20220927105545.0
006 a|||||r|||| 00| 0
007 ta
008 220926b |||||||| |||| 00| 0 eng d
024 _a172005
037 _cReference Collections
040 _aRTL
_cRTL
_beng
041 _2eng
_aeng
082 _a"V2,32p.P04, P4.5-8"
245 0 _aLok sabha debates
_b Third session.
260 _aNew
_bDelhi Lok sabha secretariat
_c2004
300 _aiii; 483p.
_ccm.
490 _aFourteenth series
942 _h"V2,32p.P04, P4.5-8"
_cCC
999 _c693062
_d693062